Poni Micharvegas : [interview].

Esteban Peicovich introduces Poni Micharvegas, a poet born in 1935 in San Fernando, Buenos Aires, Argentina. Micharvegas talks about his life since he was a teenager. He also shares his interest and love in music, poetry, medicine, and psychoanalysis. In addition, Micharvegas reads several poems tha...

Full description

Bibliographic Details
Corporate Author: Texas A & M University. Libraries
Other Authors: Peicovich, Esteban (Interviewer)
Format: CD Audio Book
Language:Spanish
Published: [Place of publication not identified] : [publisher not identified] ; [2007]
Series:Colección Los Palabristas ; 124.
Subjects:

MARC

Tag First Indicator Second Indicator Subfields
LEADER 00000cim a2200000Ia 4500
001 in00002720522
005 20151202144011.0
007 sd fungnn|||ee
008 111104s2007 txunnnn t n spa d
035 |a (OCoLC)ocn759612734 
035 |a (OCoLC)759612734 
040 |a TXA  |c TXA  |d UtOrBLW 
043 |a s-ag--- 
049 |a TXAM 
090 |a PQ7081.A1  |b C54 2007 no. 124 
100 1 |a Micharvegas, Poni,  |e interviewee. 
245 1 0 |a Poni Micharvegas :  |b [interview]. 
264 1 |a [Place of publication not identified] :  |b [publisher not identified] ;  |c [2007] 
300 |a 1 sound disc (52 min., 22 sec.) :  |b digital ;  |c 4 3/4 in. 
306 |a 005222 
336 |a spoken word  |b spw  |2 rdacontent 
337 |a audio  |b s  |2 rdamedia 
338 |a audio disc  |b sd  |2 rdacarrier 
490 1 |a Colección Los Palabristas ;  |v 124 
511 0 |a Interviewer, Esteban Peicovich ; interviewee, Poni Micharvegas. 
500 |a Recordable compact disc. 
518 |a Originally broadcast from Buenos Aires, Argentina as a segment of the radio program Los Palabristas. 
520 |a Esteban Peicovich introduces Poni Micharvegas, a poet born in 1935 in San Fernando, Buenos Aires, Argentina. Micharvegas talks about his life since he was a teenager. He also shares his interest and love in music, poetry, medicine, and psychoanalysis. In addition, Micharvegas reads several poems that he wrote in memory of Federica Smith, a great poet, that was born in Buenos Aires, Argentina in 1935 and that has passed away. 
534 |p Reproduction.  |a Micharvegas, Poni.  |t Poni Micharvegas.  |c [1997]  |e 1 sound cassette : analog. 
500 |a Converted with permission from sound cassette to compact disc by the Texas A&M University Libraries. 
500 |a Sound recording. 
600 1 0 |a Micharvegas, Poni  |v Interviews. 
650 0 |a Poets, Argentine  |v Interviews. 
655 7 |a Radio interviews.  |2 lcgft 
655 7 |a Literary readings (Radio programs)  |2 lcgft 
700 1 |a Peicovich, Esteban,  |e host,  |e interviewer. 
710 2 |a Texas A & M University.  |b Libraries. 
730 0 |a Palabristas. 
830 0 |a Colección Los Palabristas ;  |v 124. 
948 |a cataloged  |b h  |c 2011/11/4  |d o  |e jgreene  |f 3:58:22 pm 
994 |a C0  |b TXA 
999 |a MARS 
999 f f |s ba5e2b3d-cf9d-3819-b970-c8026c008495  |i e2c0522b-887d-3695-9ec1-48a07bfc2be3  |t 0 
952 f f |p noncirc  |a Texas A&M University  |b College Station  |c Cushing Memorial Library & Archives  |d Cushing: Area Studies/Hispanic (Does not check out)  |t 0  |e PQ7081.A1 C54 2007 no. 124  |h Library of Congress classification  |i audio -- audio disc  |m A14837855792 
998 f f |a PQ7081.A1 C54 2007 no. 124  |t 0  |l Cushing: Area Studies/Hispanic (Does not check out)